Catholic University of Zimbabwe Library
Online Public Access Catalogue
(OPAC)

Sula / (Record no. 37)

MARC details
000 -LEADER
fixed length control field 01464cam a2200361 a 4500
001 - CONTROL NUMBER
control field 0000000052
005 - DATE AND TIME OF LATEST TRANSACTION
control field 20170406112329.0
008 - FIXED-LENGTH DATA ELEMENTS--GENERAL INFORMATION
fixed length control field xx m a000 0
020 ## - INTERNATIONAL STANDARD BOOK NUMBER
International Standard Book Number 1400033438 (pbk.)
020 ## - INTERNATIONAL STANDARD BOOK NUMBER
International Standard Book Number 0394480449
020 ## - INTERNATIONAL STANDARD BOOK NUMBER
International Standard Book Number 0375415351
020 ## - INTERNATIONAL STANDARD BOOK NUMBER
International Standard Book Number 0452283868 (pbk.)
090 ## - LOCALLY ASSIGNED LC-TYPE CALL NUMBER (OCLC); LOCAL CALL NUMBER (RLIN)
Classification number (OCLC) (R) ; Classification number, CALL (RLIN) (NR) PS3563 MOR 2004
100 1# - MAIN ENTRY--PERSONAL NAME
Personal name Morrison, Toni.
245 10 - TITLE STATEMENT
Title Sula /
Statement of responsibility, etc. Toni Morrison ; [with a new foreword by the author].
250 ## - EDITION STATEMENT
Edition statement 1st Vintage International ed.
260 ## - PUBLICATION, DISTRIBUTION, ETC.
Place of publication, distribution, etc. New York :
Name of publisher, distributor, etc. Vintage International,
Date of publication, distribution, etc. 2004.
300 ## - PHYSICAL DESCRIPTION
Extent xvii, 174 p. ;
Dimensions 21 cm.
520 ## - SUMMARY, ETC.
Summary, etc. A cloth bag containing ten copies of the title, that may also include a folder with miscellaneous notes, discussion questions, biographical information, and reading lists to assist book group discussion leaders.
650 #0 - SUBJECT ADDED ENTRY--TOPICAL TERM
Topical term or geographic name entry element African American women
Form subdivision Fiction.
650 #0 - SUBJECT ADDED ENTRY--TOPICAL TERM
Topical term or geographic name entry element City and town life
Form subdivision Fiction.
650 #0 - SUBJECT ADDED ENTRY--TOPICAL TERM
Topical term or geographic name entry element Female friendship
Form subdivision Fiction.
651 #0 - SUBJECT ADDED ENTRY--GEOGRAPHIC NAME
Geographic name Ohio
Form subdivision Fiction.
653 ## - INDEX TERM--UNCONTROLLED
Uncontrolled term Book group discussion kits.
653 ## - INDEX TERM--UNCONTROLLED
Uncontrolled term Book club bag.
655 #0 - INDEX TERM--GENRE/FORM
Genre/form data or focus term Domestic fiction.
655 #7 - INDEX TERM--GENRE/FORM
Genre/form data or focus term Domestic fiction.
Source of term lcsh.
856 42 - ELECTRONIC LOCATION AND ACCESS
Materials specified Contributor biographical information
Uniform Resource Identifier <a href="http://www.loc.gov/catdir/bios/random051/2004555327.html">http://www.loc.gov/catdir/bios/random051/2004555327.html</a>
856 41 - ELECTRONIC LOCATION AND ACCESS
Materials specified Sample text
Uniform Resource Identifier <a href="http://www.loc.gov/catdir/samples/random051/2004555327.html">http://www.loc.gov/catdir/samples/random051/2004555327.html</a>
856 42 - ELECTRONIC LOCATION AND ACCESS
Materials specified Publisher description
Uniform Resource Identifier <a href="http://www.loc.gov/catdir/description/random051/2004555327.html">http://www.loc.gov/catdir/description/random051/2004555327.html</a>
908 ## - PUT COMMAND PARAMETER (RLIN)
Put command parameter 120904
913 ## -
-- -
Holdings
Withdrawn status Lost status Source of classification or shelving scheme Damaged status Not for loan Home library Current library Shelving location Date acquired Total Checkouts Full call number Barcode Date last seen Date last checked out Price effective from Koha item type
          CUZ Harare Campus CUZ Harare Campus Open Shelf 06.04.2017 1 PS 3563 MOR BK0000025 22.05.2025 12.09.2024 06.04.2017 OS Book

OPENING HOURS

Weekdays: 0815hrs - 1800hrs
Weekends:0900hrs - 1200hrs

Closed for Mass:

Mon, Thur: 1200hrs - 1300hrs
Sunday & Public Holiday’s

CALL SUPPORT

0242-570570, 0242-570169
09200664, +263 8644140602

LOCATION

18443, Cranborne Avenue, Hatfield, Harare

Other Links


©2021 | CUZ Library